000 00659nam a22002177a 4500
999 _c2985
_d2985
003 AR-CdUCM
008 190305b ||||| |||| 00| 0 spa d
040 _aMUNICIPALIDAD PROVINCIAL DEL CUSCO
_cBIBLIOTECA MUNICIPAL DEL CUSCO
082 _a869.56 /
_bR93
100 _aRuiz Rosas, José
_910187
245 _aTienda de ultramarinos /
260 _aArequipa :
_bUrpillay,
_c1978.
300 _a44 páginas ;
_c21.5 cm.
500 _aDonación de la familia Nieto.
650 _aPoesía peruana
_9806
650 _aPoesía - Arequipa
_910188
650 _aSiglo XX
_98
650 _aProsa contemporánea
_910067
942 _2ddc
_cLIBROS
945 _alccs